000 00469nam a22001577a 4500
003 MACL
005 20160407123018.0
008 160407b xxu||||| |||| 00| 0 eng d
040 _cHindi
082 _a500
100 _aगर्ग सी. एल
_950791
245 _aसमुद्री संसाधन
260 _aनई दिल्‍ली
_bऐरो पब्लिशर्स
_c2011
650 _aविज्ञान
_950914
942 _2ddc
_cHIN
999 _c53731
_d53731